[Event "Challenge"]
[Site "http://www.queenalice.com/game.php?id=1489506"]
[Date "2017.8.9"]
[Round "-"]
[White "MarcosGeraldo"]
[Black "paulonov"]
[Result "0-1"]
[WhiteElo "2140"]
[BlackElo "2002"]

1. d4 f5 2. c4 d5 3. g3 c6 4. Bg2 e6 5. Nf3 Nd7 6. Nc3 Ngf6 7. c5 Be7 8. O-O O-O
9. Ng5 Nxc5 10. dxc5 Bxc5 11. h3 h6 12. Nf3 b5 13. Ne5 Kh7 14. Nxc6 Qd6 15. Nd4
a6 16. e3 Bb7 17. a3 Rae8 18. b4 Bb6 19. Bb2 g6 20. Rc1 h5 21. Nf3 e5 22. Ne2
Kh6 23. Rc2 g5 24. Qa1 e4 25. Nfd4 Kg6 26. Rfc1 Rf7 27. Nb3 f4 28. exf4 h4 29.
Nc5 hxg3 0-1

[Event "Challenge"]
[Site "http://www.queenalice.com/game.php?id=1489511"]
[Date "2017.8.9"]
[Round "-"]
[White "ValensKaiser"]
[Black "paulonov"]
[Result "1-0"]
[WhiteElo "2026"]
[BlackElo "2070"]

1. d4 d5 2. c4 c6 3. Nc3 Bf5 4. cxd5 cxd5 5. Qb3 e6 6. Qxb7 Nd7 7. Nb5 Rc8 8.
Bd2 Ngf6 9. Qxa7 Be7 10. Ba5 Ra8 11. Qxa8 Nb8 12. Bxd8 Bb4+ 13. Nc3 O-O 14. Bxf6
Nd7 15. Bd8 Be7 16. e3 Rxd8 17. Qa7 Bf6 18. Bb5 Nf8 19. Nge2 g5 20. a4 h5 21. b4
Ng6 22. Ng3 Bc2 23. Nxh5 Rc8 24. Nxf6+ Kg7 25. Nh5+ Kh6 26. Qxf7 Rxc3 27. Qg7+
Kxh5 28. Qh7+ Kg4 29. Qh3# 1-0

[Event "Challenge"]
[Site "http://www.queenalice.com/game.php?id=1489513"]
[Date "2017.8.9"]
[Round "-"]
[White "paulonov"]
[Black "ArnoBlack"]
[Result "0-1"]
[WhiteElo "2083"]
[BlackElo "2149"]

1. e4 e5 2. Nf3 Nc6 3. Bb5 d6 4. d4 exd4 5. Nxd4 Bd7 6. Nxc6 bxc6 7. Bd3 Nf6 8.
Nc3 Be7 9. Bg5 Nxe4 10. Bxe7 Nxc3 11. Bxd8 Nxd1 12. Bxc7 Nxb2 13. Bxd6 Nxd3+ 14.
cxd3 Bf5 15. d4 Kd7 16. Bc5 Rhe8+ 17. Kd2 Rab8 18. g4 Rb2+ 19. Kc3 Rc2+ 20. Kb3
Rb8+ 21. Ka4 Rc4+ 22. Ka3 Bc2 0-1

[Event "AUTO-OPEN-3765"]
[Site "http://www.queenalice.com/game.php?id=1489704"]
[Date "2017.8.11"]
[Round "2"]
[White "aperturaf"]
[Black "paulonov"]
[Result "1-0"]
[WhiteElo "2231"]
[BlackElo "2043"]

1. e4 d6 2. d4 Nf6 3. Nc3 g6 4. Be3 Bg7 5. Qd2 Ng4 6. Bg5 h6 7. Bh4 g5 8. Bg3 f5
9. exf5 Bxf5 10. Bd3 Qd7 11. O-O-O Nc6 12. f3 O-O-O 13. Bxf5 Qxf5 14. fxg4 Qxg4
15. Nf3 Rhf8 16. d5 Ne5 17. Nxe5 dxe5 18. Rhe1 Rf5 19. Re4 Qh5 20. Qe3 g4 21.
Qxa7 Rd6 22. Rb4 Qg5+ 23. Kb1 Rb6 24. Qa8+ Kd7 25. Rxb6 cxb6 26. Qxb7+ Ke8 27.
Ne4 Qg6 28. d6 exd6 29. Qb8+ Ke7 30. Nxd6 Rf8 31. Bh4+ Bf6 32. Qb7+ Ke6 33. Qd5+
Ke7 34. Qxe5+ Kd7 35. Ne8+ Kc6 36. Qd5# 1-0

[Event "AUTO-OPEN-3765"]
[Site "http://www.queenalice.com/game.php?id=1489705"]
[Date "2017.8.11"]
[Round "2"]
[White "paulonov"]
[Black "aperturaf"]
[Result "0-1"]
[WhiteElo "2052"]
[BlackElo "2224"]

1. e4 e6 2. Nc3 c5 3. d4 d5 4. Nf3 Nf6 5. Bb5+ Nc6 6. e5 Ne4 7. Nxe4 dxe4 8. Ng5
Qa5+ 9. b4 Qxb4+ 10. Bd2 Qxb5 11. Rb1 Qc4 12. Rb3 cxd4 13. Bf4 Nb4 14. Qd2 Nxc2+
15. Kd1 Nb4 16. Nxe4 Bd7 17. Qc1 Qd5 18. f3 Nxa2 19. Qb2 Nc3+ 20. Kd2 Nxe4+ 21.
fxe4 Qxe4 22. Bg3 Qxg2+ 23. Kd3 Qxh1 24. Rxb7 Qd1+ 25. Ke4 Bc6+ 26. Kf4 g5+ 27.
Kxg5 Rg8+ 0-1

[Event "Challenge"]
[Site "http://www.queenalice.com/game.php?id=1490497"]
[Date "2017.8.17"]
[Round "-"]
[White "frankcasadio"]
[Black "paulonov"]
[Result "0-1"]
[WhiteElo "2071"]
[BlackElo "2009"]

1. e4 d6 2. Nf3 Nf6 3. Nc3 g6 4. Bc4 Bg7 5. d4 O-O 6. Be3 Bg4 7. h3 Bxf3 8. Qxf3
c6 9. O-O-O Nbd7 10. h4 h5 11. Bg5 b5 12. Bb3 a5 13. a3 Qc7 14. Rhe1 b4 15. axb4
axb4 16. Na4 c5 17. dxc5 dxc5 18. Re2 c4 19. Bxf6 Nxf6 20. Kb1 cxb3 21. Qxb3 Qa5
22. c3 Qxa4 23. Qxa4 Rxa4 24. Rd3 bxc3 25. Rxc3 Rb8 26. f3 Nxe4 27. Rc7 Nc3+ 28.
Rxc3 Bxc3 29. Rc2 Be5 30. Re2 Bf6 31. g3 Rab4 32. Rc2 Bxb2 33. f4 e5 34. fxe5
Bxe5+ 35. Kc1 Rb1+ 36. Kd2 Rd8+ 37. Ke2 Bxg3 38. Rc4 Re1+ 39. Kf3 Rd3+ 40. Kg2
Re2+ 41. Kf1 Rf2+ 42. Ke1 Rh2+ 0-1

[Event "Challenge"]
[Site "http://www.queenalice.com/game.php?id=1490504"]
[Date "2017.8.17"]
[Round "-"]
[White "paulonov"]
[Black "MarcosGeraldo"]
[Result "1-0"]
[WhiteElo "2024"]
[BlackElo "2124"]

1. e4 e5 2. Nf3 Nc6 3. Bb5 d6 4. h3 Bd7 5. c3 Nf6 6. O-O Be7 7. Re1 O-O 8. d4 a6
9. Bxc6 Bxc6 10. Nbd2 exd4 11. cxd4 h6 12. b3 Nh7 13. Bb2 d5 14. Qc2 dxe4 15.
Ne5 Bd5 16. Rad1 Bg5 17. Nxe4 c6 18. Nc5 Qc7 19. Ncd3 Rfe8 20. f4 Be7 21. Qf2
Bd6 22. Re3 f6 23. Nc4 Bf8 24. Rde1 Rxe3 25. Qxe3 Bf7 26. Qg3 Re8 27. Rxe8 Bxe8
28. Ne3 Bd7 29. Qg6 Bd6 30. Nf5 1-0

[Event "Challenge"]
[Site "http://www.queenalice.com/game.php?id=1494423"]
[Date "2017.9.14"]
[Round "-"]
[White "paulonov"]
[Black "LouisLeRouge"]
[Result "0-1"]
[WhiteElo "2035"]
[BlackElo "2128"]

1. e4 d5 2. Nf3 dxe4 3. Ng5 Nf6 4. Bc4 e6 5. O-O h6 6. Nh3 Bd6 7. d4 exd3 8.
Qxd3 O-O 9. Nc3 Nc6 10. f4 Bc5+ 11. Kh1 Qxd3 12. Bxd3 Nb4 13. Bd2 Nxd3 14. cxd3
Rd8 15. Rf3 b6 16. f5 Bb7 17. Rg3 Nh5 18. Rg4 exf5 19. Rh4 Nf6 20. Nf4 g5 21.
Rxh6 Ng4 22. Rh5 Nf2+ 23. Kg1 Nxd3+ 24. Kf1 Nxf4 25. Bxf4 gxf4 26. Rxf5 Ba6+ 27.
Ke1 Re8+ 28. Kd2 Rad8+ 29. Kc2 Bd3+ 30. Kb3 Bxf5 31. Rf1 Rd2 32. Na4 Re3+ 33.
Nc3 b5 34. Rxf4 Be6+ 0-1

[Event "Challenge"]
[Site "http://www.queenalice.com/game.php?id=1494426"]
[Date "2017.9.14"]
[Round "-"]
[White "paulonov"]
[Black "LouisLeRouge"]
[Result "0-1"]
[WhiteElo "2027"]
[BlackElo "2145"]

1. e4 d5 2. Nf3 dxe4 3. Ng5 Nf6 4. Bc4 e6 5. O-O h6 6. Nh3 e5 7. d4 Qxd4 8. Qe2
Bg4 9. Bb5+ c6 10. Qc4 cxb5 11. Qxb5+ Qd7 12. Qxe5+ Be7 13. Nc3 Nc6 14. Qg3 Nd4
15. Nf4 Nf5 16. Nxe4 Nxg3 17. Nxf6+ Bxf6 18. Re1+ Ne2+ 19. Nxe2 O-O-O 20. Nf4
Rhe8 21. Be3 Bxb2 22. Rab1 Bf6 23. h3 Bf5 24. Bxa7 Rxe1+ 25. Rxe1 Qd2 26. Re3
Qa5 27. g4 Bxc2 28. Nh5 Qxa7 29. Nxf6 gxf6 30. Rc3+ Kb8 31. Rxc2 Rd1+ 32. Kg2
Qd4 33. Re2 Qd5+ 34. f3 Rd2 35. Rxd2 Qxd2+ 36. Kg3 Qxa2 37. h4 Qe2 38. h5 Qe3
39. Kg2 b5 40. Kg3 b4 41. Kg2 b3 42. Kg3 b2 43. Kg2 b1=Q 0-1

[Event "Challenge"]
[Site "http://www.queenalice.com/game.php?id=1494428"]
[Date "2017.9.14"]
[Round "-"]
[White "paulonov"]
[Black "ValensKaiser"]
[Result "0-1"]
[WhiteElo "2023"]
[BlackElo "2082"]

1. e4 e5 2. Nf3 Nf6 3. d4 exd4 4. e5 Ne4 5. Nxd4 Qh4 6. Be3 Qe7 7. Nf3 Qb4+ 8.
Nbd2 Nxd2 9. Bxd2 Qxb2 10. Bc4 Bc5 11. O-O O-O 12. Bd3 d6 13. Bxh7+ Kxh7 14.
Ng5+ Kg8 15. exd6 Bxd6 16. f4 Bf5 17. c4 Qd4+ 18. Kh1 Qxc4 19. Rc1 Qxa2 20. Bc3
f6 21. g4 Bg6 22. Qd4 Nc6 23. Qe3 fxg5 24. Rf2 Qd5+ 25. Kg1 Bc5 26. Qd2 Qf3 27.
f5 Rfd8 28. Qe1 Qxg4+ 29. Kf1 Bxf5 30. Qe2 Bd3 31. Qxd3 Rxd3 32. Re2 Qg1# 0-1

[Event "Challenge"]
[Site "http://www.queenalice.com/game.php?id=1494455"]
[Date "2017.9.14"]
[Round "-"]
[White "paulonov"]
[Black "Squarepants"]
[Result "0-1"]
[WhiteElo "2016"]
[BlackElo "2110"]

1. e4 c5 2. Nf3 d6 3. d4 cxd4 4. Nxd4 Nf6 5. Nc3 g6 6. Bc4 Bg7 7. O-O O-O 8. a4
Qc7 9. Bb3 b6 10. Bf4 Nbd7 11. Re1 Bb7 12. f3 a6 13. Bg3 Nh5 14. Bf2 Ne5 15. Qd2
e6 16. Bxe6 fxe6 17. Nxe6 Nc4 18. Qc1 Qf7 19. Nxf8 Rxf8 20. Rb1 Nf4 21. Nd1 Ne5
22. Bxb6 Nxf3+ 23. Kf2 Nxe1 24. Kxe1 Nxg2+ 25. Kd2 Bxe4 26. Ra1 Bh6+ 27. Ne3
Nxe3 28. Bxe3 Bxe3+ 29. Kxe3 Qf3+ 30. Kd2 Qf2+ 31. Kc3 Rf3+ 0-1

[Event "Challenge"]
[Site "http://www.queenalice.com/game.php?id=1498274"]
[Date "2017.10.10"]
[Round "-"]
[White "paulonov"]
[Black "ValensKaiser"]
[Result "0-1"]
[WhiteElo "2004"]
[BlackElo "2123"]

1. e4 e5 2. Nc3 Nf6 3. Bc4 Nc6 4. Nf3 Bc5 5. h3 d6 6. d3 Na5 7. Bg5 Nxc4 8. dxc4
Bb4 9. O-O Bxc3 10. bxc3 Qe7 11. Qd3 O-O 12. Rad1 b6 13. Nh2 Qe6 14. f4 Ba6 15.
Bxf6 Bxc4 16. Qg3 Qxf6 17. Ng4 Qe6 18. f5 Qc8 19. f6 g6 20. Qe3 Kh8 21. Rf3 Bxa2
22. Rg3 Rg8 23. Nh6 Rd8 24. Nxf7+ Bxf7 25. h4 Rg8 26. Kf2 Qe6 27. Qg5 Qc4 28.
Re1 Qa4 29. Re2 Bc4 30. Rd2 Qa1 31. Rf3 Rgf8 32. h5 Qf1+ 33. Kg3 Qe1+ 34. Rdf2
Bf7 35. Qh4 gxh5 36. Kh2 Rg8 37. g3 Rg4 38. Qh3 Qxe4 39. Rf5 h4 40. R5f3 Bd5 41.
f7 hxg3+ 42. Qxg3 Rxg3 43. f8=Q+ Rxf8 44. Rxf8+ Rg8 45. R8f3 Qh4+ 0-1

[Event "Challenge"]
[Site "http://www.queenalice.com/game.php?id=1518971"]
[Date "2018.3.8"]
[Round "-"]
[White "paulonov"]
[Black "ValensKaiser"]
[Result "0-1"]
[WhiteElo "2009"]
[BlackElo "2127"]

1. e4 c5 2. Nf3 Nc6 3. d4 cxd4 4. Nxd4 Nf6 5. Nc3 e5 6. Nde2 Bc5 7. h3 Qb6 8.
Be3 Bxe3 9. fxe3 Qxb2 10. Rb1 Qa3 11. Rb3 Qc5 12. Qd2 O-O 13. g4 Na5 14. Rb5 Qc7
15. Bg2 a6 16. Nd5 Nxd5 17. Rxd5 Nc4 18. Qd3 d6 19. O-O Be6 20. Ng3 b5 21. Rf2
Rac8 22. Kh2 Bxd5 23. exd5 Qa7 24. Rf3 e4 25. Qxe4 Nd2 26. Qd3 Nxf3+ 27. Bxf3
Rfe8 28. Be4 Kh8 29. Bxh7 Rxe3 30. Qf5 Rec3 0-1

[Event "Challenge"]
[Site "http://www.queenalice.com/game.php?id=1561844"]
[Date "2019.2.22"]
[Round "-"]
[White "paulonov"]
[Black "Chphil"]
[Result "0-1"]
[WhiteElo "2002"]
[BlackElo "2074"]

1. d4 d5 2. Nf3 Nf6 3. Bg5 e6 4. Nbd2 Be7 5. e3 O-O 6. Bd3 h6 7. Bh4 Nbd7 8. O-O
a6 9. b3 b6 10. c4 dxc4 11. bxc4 Bb7 12. Re1 Ng4 13. Bxe7 Qxe7 14. h3 Ngf6 15.
e4 Nh5 16. Qe2 Nf4 17. Qe3 Nxd3 18. Qxd3 Nf6 19. Rad1 Rad8 20. Kh2 e5 21. d5
Rfe8 22. Re3 c6 23. Qc2 cxd5 24. exd5 e4 25. Nh4 Qe5+ 26. g3 b5 27. f3 bxc4 28.
fxe4 Nxd5 29. Re2 c3 30. Ndf3 Nb4 31. Qb3 Qb5 32. Rf2 Rxd1 33. Qxd1 Rxe4 34.
Qd8+ Re8 35. Qd4 c2 36. a4 Qa5 37. Qf4 Nd3 38. Qc4 c1=Q 39. Qxd3 Re1 40. Nf5
Rh1+ 0-1

[Event "Challenge"]
[Site "http://www.queenalice.com/game.php?id=1561846"]
[Date "2019.2.22"]
[Round "-"]
[White "paulonov"]
[Black "Kkaio77"]
[Result "1-0"]
[WhiteElo "1981"]
[BlackElo "2110"]

1. e4 e5 2. Nf3 Nc6 3. Bb5 a6 4. Ba4 b5 5. Bb3 Bc5 6. c3 Nf6 7. O-O O-O 8. d4
exd4 9. cxd4 Bb6 10. Bg5 h6 11. Bh4 g5 12. Nxg5 hxg5 13. Bxg5 Bxd4 14. Qd3 d6
15. Nc3 Bxc3 16. Qxc3 Nxe4 17. Qxc6 Bd7 18. Qxe4 Qxg5 19. Rac1 Rac8 20. Bc2 f5
21. Qd5+ Kg7 22. f4 Qf6 23. Rf3 c6 24. Rg3+ Kh8 25. Qf3 Rf7 26. Qh5+ Rh7 27. Qg6
Rf8 28. Rd1 Rh6 29. Qg5 d5 30. Re1 Qxg5 31. fxg5 Re6 32. Rxe6 Bxe6 33. Rh3+ Kg7
34. Rh6 Bd7 35. g3 a5 36. h4 c5 37. Rd6 Be8 38. Rxd5 1-0

[Event "Challenge"]
[Site "http://www.queenalice.com/game.php?id=1563799"]
[Date "2019.3.10"]
[Round "-"]
[White "paulonov"]
[Black "peterwagner"]
[Result "0-1"]
[WhiteElo "1998"]
[BlackElo "1982"]

1. e4 e5 2. Nf3 Nf6 3. d4 g6 4. dxe5 Nxe4 5. Bd3 Nxf2 6. Kxf2 Bc5+ 7. Be3 Bxe3+
8. Kxe3 Qe7 9. Re1 Nc6 10. Kf4 O-O 11. Re3 f6 12. Bc4+ Kg7 13. g4 Nxe5 14. Bb3
d6 15. h3 Be6 16. Bxe6 Qxe6 17. Kg3 f5 18. gxf5 Qxf5 19. Qe2 Nxf3 20. Rxf3 Qg5+
21. Kh2 Qc1 22. c4 Rxf3 0-1

[Event "Challenge"]
[Site "http://www.queenalice.com/game.php?id=1563801"]
[Date "2019.3.10"]
[Round "-"]
[White "paulonov"]
[Black "gfalk"]
[Result "0-1"]
[WhiteElo "1989"]
[BlackElo "2024"]

1. e4 c5 2. Nf3 e6 3. d4 cxd4 4. Nxd4 a6 5. Nd2 Qc7 6. Bd3 Nf6 7. h3 d6 8. Qf3
Nc6 9. c3 Ne5 10. Qe2 Nxd3+ 11. Qxd3 Be7 12. f4 b5 13. O-O h5 14. N2f3 Bb7 15.
Re1 Bxe4 16. Rxe4 Nxe4 17. Qxe4 d5 18. Qe2 Qc4 19. Qe5 Bf6 20. Qe3 Bxd4 21. Nxd4
O-O-O 22. Qe5 Qc7 23. Qxg7 Rdg8 24. Qe5 Qc4 25. Be3 Rh7 26. Nxe6 Re8 27. Qf5
Rxe6 28. Qxh7 Rxe3 29. Qg8+ Kb7 30. Qxf7+ Kb6 31. Rd1 Qc5 32. Kh2 Kc6 33. Qxh5
Re6 34. Rd4 Qd6 35. Qd1 Qc5 36. Qd3 Rf6 37. a4 Qd6 38. g3 Qe6 39. axb5+ axb5 0-1